Complete Business Statistics (Record no. 1353)

MARC details
000 -LEADER
fixed length control field 00422nam a22001697a 4500
005 - DATE AND TIME OF LATEST TRANSACTION
control field 20180530112737.0
008 - FIXED-LENGTH DATA ELEMENTS--GENERAL INFORMATION
fixed length control field 160521b xxu||||| |||| 00| 0 eng d
020 ## - INTERNATIONAL STANDARD BOOK NUMBER
ISBN 978-0-07-062016-2
041 ## - LANGUAGE CODE
Language code of text/sound track or separate title eng
082 ## - DEWEY DECIMAL CLASSIFICATION NUMBER
Item number 3976
Classification number 519.5
100 ## - MAIN ENTRY--AUTHOR NAME
Personal name Aczel A.D & Sounderpandian J
245 ## - TITLE STATEMENT
Title Complete Business Statistics
260 ## - PUBLICATION, DISTRIBUTION, ETC. (IMPRINT)
Place of publication New Delhi
Name of publisher TMH,
Year of publication 2006
300 ## - PHYSICAL DESCRIPTION
Number of Pages 820
650 ## - SUBJECT ADDED ENTRY--TOPICAL TERM
Topical Term Management
942 ## - ADDED ENTRY ELEMENTS (KOHA)
Koha item type Books
Holdings
Lost status Damaged status Collection code Home library Current library Shelving location Date acquired Source of acquisition Full call number Accession Number Koha item type
    MANAGEMENT JRU Library JRU Library SHELF-75-D 21/05/2016 PURCHASE 519.5 3976 Books
    MANAGEMENT JRU Library JRU Library SHELF-75-D 21/05/2016 PURCHASE 519.5 3977 Books
    MANAGEMENT JRU Library JRU Library SHELF-75-D 21/05/2016 PURCHASE 519.5 3978 Books